Speedy Simon Says - Statistics

General Stats
  • This quiz has been taken 62 times
  • The average score is 61 of 80
Answer Stats
Hint Answer % Correct
Simon Says press 4 4
89%
Press 8 Simon didn't say
85%
Simon Says press 7 7
83%
Press 7 Simon didn't say
83%
Press 7 Simon didn't say
83%
Press 8 Simon didn't say
83%
Press 0 Simon didn't say
83%
Simon Says press zero 0
81%
Simon Says press 1 1
81%
Simon Says press 2 2
81%
Simon Says press three 3
81%
Simon Says press six 6
81%
Simon Says press 7 7
81%
Press one Simon didn't say
81%
Press 1 Simon didn't say
81%
Press 2 Simon didn't say
81%
Press 3 Simon didn't say
81%
Press 4 Simon didn't say
81%
Press 6 Simon didn't say
81%
Simon Says press 3 3
79%
Simon Says press three 3
79%
Simon Says press 4 4
79%
Simon Says press four 4
79%
Simon Says press 5 5
79%
Simon Says press 5 5
79%
Simon Says press 5 5
79%
Simon Says press 8 8
79%
Press four Simon didn't say
79%
Press 5 Simon didn't say
79%
Press 5 Simon didn't say
79%
Press 0 Simon didn't say
79%
Press zero Simon didn't say
79%
Simon Says press 1 1
77%
Simon Says press two 2
77%
Simon Says press 3 3
77%
Simon Says press five 5
77%
Simon Says press six 6
77%
Simon Says press 6 6
77%
Simon Says press seven 7
77%
Simon Says press 7 7
77%
Simon Says press 8 8
77%
Simon Says press nine 9
77%
Simon Says press nine 9
77%
Simon Says press 9 9
77%
Press seven Simon didn't say
77%
Press eight Simon didn't say
77%
Simon Says press 0 0
74%
Simon Says press one 1
74%
Simon Says press 3 3
74%
Simon Says press four 4
74%
Simon Says press five 5
74%
Simon Says press seven 7
74%
Simon Says press 8 8
74%
Press 1 Simon didn't say
74%
Press three Simon didn't say
74%
Press 3 Simon didn't say
74%
Press five Simon didn't say
74%
Press 9 Simon didn't say
74%
Simon Says press 0 0
72%
Simon Says press one 1
72%
Simon Says press two 2
72%
Simon Says press 4 4
72%
Simon Says press 6 6
72%
Simon Says press eight 8
72%
Simon Says press 9 9
72%
Press 2 Simon didn't say
72%
Press two Simon didn't say
72%
Press 4 Simon didn't say
72%
Press 6 Simon didn't say
72%
Press six Simon didn't say
72%
Simon Says press 0 0
70%
Simon Says press zero 0
70%
Simon Says press 1 1
70%
Simon Says press 2 2
70%
Simon Says press 6 6
70%
Simon Says press eight 8
70%
Press 9 Simon didn't say
70%
Simon Says press 2 2
68%
Simon Says press 9 9
66%
Press nine Simon didn't say
62%
No matching quizzes found
Score Distribution
Percent of People with Each Score
Percentile by Number Answered
Your Score History
You have not taken this quiz